Nové právní předpisy v ochraně životního prostředí
Gespeichert in:
| 1. Verfasser: | |
|---|---|
| Format: | Buch |
| Sprache: | Tschechisch |
| Veröffentlicht: |
Praha
SEFT
1993
|
| Ausgabe: | 2. dopln. vyd. |
| Schlagworte: | |
| Tags: |
Keine Tags, Fügen Sie das erste Tag hinzu!
|
MARC
| LEADER | 00000nam a2200000 4500 | ||
|---|---|---|---|
| 001 | c004509 | ||
| 005 | 20221214082523.7 | ||
| 020 | |a 80-7049-057-8 | ||
| 041 | 0 | |a cze | |
| 044 | |a CZ | ||
| 245 | 1 | 0 | |a Nové právní předpisy v ochraně životního prostředí |c Přibyslava Tichotová |
| 250 | |a 2. dopln. vyd. | ||
| 264 | 1 | |a Praha |b SEFT |c 1993 | |
| 300 | |a 607 s. | ||
| 610 | 2 | 0 | |a predpisy právne |
| 610 | 2 | 0 | |a ochrana prostredia životného |
| 610 | 2 | 0 | |a 1993 |
| 610 | 2 | 0 | |a Česko |
| 100 | 1 | |a Tichotová, Přibyslava | |